000 01037nam a22002657a 4500
001 78506
003 BD-RjUL
005 20211209083134.0
008 210929s1991 bg ||||| |||| 00| 0 b d
035 _a(BD-RjUL)
040 _aBD-RjUL
_bben/eng
_cBD-RjUL
041 _aben
082 _223
_a954.92
_bCHB 1991
100 _aচৌধুরী, মফিজ
_9248663
245 1 0 _aবঙ্গবন্ধুর মন্ত্রিসভায় /
_cমফিজ চৌধুরী
250 _a১ম প্রকাশ
260 _aঢাকা:
_bইউনিভার্সিটি প্রেস লিমিটেড,
_c১৯৯১
300 _a[৮], ১১২ পৃ. ;
_c২২ সেমি.
650 _y
_9248664
651 _aবাংলাদেশ
_xরাজনীতি এবং সরকার
_9248665
651 _aBangladesh
_xPolitics and government
_9248666
651 _aবাংলাদেশ
_xইতিহাস
_9248667
651 _aBangladesh
_xHistory
_9248668
942 _2ddc
_cRAR
999 _c78506
_d78506